| 000 | 00343nam a22001217a 4500 | ||
|---|---|---|---|
| 082 | _a220 PRO | ||
| 100 |
_aAhmed Ali Abbasi _971352 |
||
| 245 | _aPR-SOF-1637-360 DEGREE VIDEO SURVEILLANCE SYSTEM | ||
| 260 |
_aISLAMABAD _bNUST COLLEGE OF EME _c2017 |
||
| 650 |
_aDE-ELECT-35 _970874 |
||
| 700 |
_aSUPERVISORS Dr. Usman Ali _971353 |
||
| 942 | _cCR | ||
| 999 |
_c577918 _d577918 |
||